ฟัง พูด อ่าน เขียน อังกฤษ = (ระเบียนเลขที่ 69438)
| 000 -LEADER | |
|---|---|
| fixed length control field | 00900nam a22001937a 4500 |
| 005 - DATE AND TIME OF LATEST TRANSACTION | |
| control field | 20260127130837.0 |
| 008 - FIXED-LENGTH DATA ELEMENTS--GENERAL INFORMATION | |
| fixed length control field | s2556 th ||||| |||| 00| 0 tha d |
| 020 ## - INTERNATIONAL STANDARD BOOK NUMBER | |
| International Standard Book Number | 9786167708072 |
| 040 ## - CATALOGING SOURCE | |
| Original cataloging agency | NALT |
| 050 ## - LIBRARY OF CONGRESS CALL NUMBER | |
| Classification number | PE 1131 |
| Item number | ฐ122ฟ 2556 |
| 100 0# - MAIN ENTRY--PERSONAL NAME | |
| Personal name | ฐนิสา ชุมพล, |
| Titles and words associated with a name | ม.ล. |
| 9 (RLIN) | 43843 |
| 245 10 - TITLE STATEMENT | |
| Title | ฟัง พูด อ่าน เขียน อังกฤษ = |
| Remainder of title | Step by step English / |
| Statement of responsibility, etc. | ม.ล. ฐนิสา ชุมพล. |
| 260 3# - PUBLICATION, DISTRIBUTION, ETC. | |
| Place of publication, distribution, etc. | กรุงเทพฯ : |
| Name of publisher, distributor, etc. | พราว, |
| Date of publication, distribution, etc. | 2556 |
| 300 ## - PHYSICAL DESCRIPTION | |
| Extent | 497 หน้า : |
| Other physical details | ภาพประกอบ ; |
| Dimensions | 19 ซม. + CD 1 แผ่น |
| 650 #4 - SUBJECT ADDED ENTRY--TOPICAL TERM | |
| Topical term or geographic name entry element | ภาษาอังกฤษ |
| 9 (RLIN) | 467 |
| General subdivision | บทสนทนาและวลี |
| 850 ## - HOLDING INSTITUTION | |
| Holding institution | NALT |
| 942 ## - ADDED ENTRY ELEMENTS (KOHA) | |
| Koha item type | General Book |
| Source of classification or shelving scheme | Library of Congress Classification |
| Koha issues (borrowed), all copies | 3 |
| 998 ## - LOCAL CONTROL INFORMATION (RLIN) | |
| -- | 909 |
| -- | นางสาวสุพัณดา สุภาพ |
| Withdrawn status | Lost status | Source of classification or shelving scheme | Damaged status | Not for loan | Collection code | Home library | Current library | Source of acquisition | Cost, normal purchase price | Total Checkouts | Full call number | Barcode | Date last seen | Copy number | Cost, replacement price | Price effective from | Koha item type | Date acquired | Total Renewals | Date last checked out |
|---|---|---|---|---|---|---|---|---|---|---|---|---|---|---|---|---|---|---|---|---|
| Library of Congress Classification | General Book collection | National Assembly Library of Thailand | National Assembly Library of Thailand | จัดซื้อทรัพยากร | 220.00 | PE 1131 ฐ122ฟ 2556 | 3961194900 | 09/06/2017 | ฉ.2 | 270.00 | 09/06/2017 | General Book | ||||||||
| Library of Congress Classification | General Book collection | National Assembly Library of Thailand | National Assembly Library of Thailand | จัดซื้อทรัพยากร | 220.00 | 3 | PE 1131 ฐ122ฟ 2556 | 3961194899 | 10/02/2026 | ฉ.1 | 270.00 | 09/06/2017 | General Book | 03/05/2022 | 2 | 27/01/2026 |
